000
00306nam a22001337a 4500
008
190311b xxu||||| |||| 00| 0 eng d
020
_a
9780913383391
041
_a
eng
080
_a
371
100
_a
46
101
_a
EDU
245
_a
Teacher, Teacher! Did You Know...
_c
Spiceland,J.A
942
_2
udc
_c
BK
999
_c
54660
_d
54660